World economic outlook. September 2002 trade and finance

Salvato in:
Dettagli Bibliografici
Natura: Libro
Lingua:inglese
Pubblicazione: Washington International Monetary Fund 2002
Soggetti:
Tags: Aggiungi Tag
Nessun Tag, puoi essere il primo ad aggiungerne!!

MARC

LEADER 00000nam a2200000 4500
001 c140348
005 20221124093340.2
020 |a 1-58906-179-9 
041 0 |a eng 
044 |a US 
245 1 0 |a World economic outlook. September 2002  |b trade and finance 
264 1 |a Washington  |b International Monetary Fund  |c 2002 
300 |a 246 s. 
610 2 0 |a situácia hospodárska 
610 2 0 |a obchod 
610 2 0 |a financie 
610 2 0 |a integrácia ekonomická 
610 2 0 |a integrácia ekonomická medzinárodná 
610 2 0 |a politika hospodárska 
610 2 0 |a politika hospodárska medzinárodná 
610 2 0 |a porovnanie medzinárodné 
610 2 0 |a globalizácia hospodárstva 
610 2 0 |a Medzinárodný menový fond